000 01188nam a22004097a 4500
003 PILC
005 20150511111847.0
008 970529s1998 njuaf 001 0 eng c
010 _a 97023061
020 _a9814058270
040 _aDNLM/DLC
_cDLC
_dDLC
050 0 0 _aQD 33
_b.Sa121 1998
082 0 0 _aM 540
_bSa1 1998
100 1 _aSackheim, George I.
245 1 0 _aChemistry :
_bfor the health sciences /
_cGeorge I. Sackheim, Dennis D. Lehman.
250 _a8th ed.
260 _aUpper Saddle River, N.J.
_bPrentice-Hall,
_c1998.
300 _a643 pages :
_billustrations ;
_c22 cm.
500 _aIncludes index.
526 _c 0L to 1700L
562 _e6
650 0 _aChemistry.
650 0 _aMedicine.
650 1 2 _aBiochemistry.
650 2 2 _aChemistry, Inorganic.
650 2 2 _aChemistry, Organic.
700 1 _aLehman, Dennis D.
906 _a7
_bcbc
_corignew
_d1
_eocip
_f19
_gy-gencatlg
942 _2lcc
_cBK
999 _c283936
_d283936